000
00291nam a22001337a 4500
008
170504b xxu||||| |||| 00| 0 eng d
020
_a
9780199737192
041
_a
eng
080
_2
2ND
_a
343.9
100
_a
14
101
_a
SHJ
245
_a
CRIMINAL JUSTICE
_c
LAB, S.P
942
_2
udc
_c
BK
999
_c
12675
_d
12675